| 000 | 01168nam a2200265Ia 4500 | ||
|---|---|---|---|
| 003 | Ost | ||
| 005 | 20260507075152.0 | ||
| 008 | 260507s9999||||xx |||||||||||||| ||und|| | ||
| 040 | _cfsecg | ||
| 041 | _aara | ||
| 082 | _a330 | ||
| 100 |
_aعشيش، حسن سمير _eمؤلف |
||
| 245 | 0 |
_aالتحليل الائتماني و دوره في ترشيد عمليات الاقراض و التوسع النقدي في البنوك / _c حسن سمير عشيش |
|
| 260 |
_aعمان: _bمكتبة المجتمع العربي, _c2010 |
||
| 300 |
_a332 صفحة؛ _bإيضاحات ؛ _c24 سم |
||
| 504 | _aمراجع ص.327 | ||
| 520 | _aمفهوم التحليل المالي- الإئتمان المصرفي- بدائل تمويل المؤسسة في ظل العولمة المالية- التوسع النقدي في النظام المالي- سياسات واتخاذ اجراءات | ||
| 653 | _aالائتمان | ||
| 653 | _aالإقتصاد المالي | ||
| 653 | _aالبنوك | ||
| 653 | _aالتحليل المالي | ||
| 653 | _aبنوك الإئتمان | ||
| 700 |
_aالكبيسي، ظافر _eمؤلف ثانوي |
||
| 942 | _cكتاب | ||
| 999 |
_c43350 _d43350 |
||